Welcome to the Holygrace Academy Library

Please use search bar below to get started

SIMPLIED SCIENCE & TECHNOLOGY (Record no. 1339)

MARC details
000 -LEADER
fixed length control field 00378nam a22001457a 4500
020 ## - INTERNATIONAL STANDARD BOOK NUMBER
ISBN 81-7317-405-9
082 ## - DEWEY DECIMAL CLASSIFICATION NUMBER
Classification number 530
Item number KUM/S
245 ## - TITLE STATEMENT
Title SIMPLIED SCIENCE & TECHNOLOGY
Remainder of title SCIENCE BOOK
246 ## - VARYING FORM OF TITLE
Title proper/short title SIMPLIED SCIENCE & TECHNOLOGY
Remainder of title SCIENCE BOOK
250 ## - EDITION STATEMENT
Edition statement MEHTA, ANIL
260 ## - PUBLICATION, DISTRIBUTION, ETC. (IMPRINT)
Place of publication DELHI
Name of publisher ASIAB PUBLISHERS
Year of publication 2004
300 ## - PHYSICAL DESCRIPTION
Number of Pages 488
520 ## - SUMMARY, ETC.
Summary, etc SCIENCE TECHNOLOGY
942 ## - ADDED ENTRY ELEMENTS (KOHA)
Koha item type Books
Holdings
Withdrawn status Lost status Collection code Home library Current library Shelving location Date acquired Source of acquisition Cost, normal purchase price Full call number Accession Number Koha item type
    Reference Main Library Main Library SHELF-5C REFERENCE PHYSICS 23/10/2006 Purchase 60.00 530 KUM/S 03327 Books